Dan Brown's Robert Langdon Serie - Statistiken

Allgemein
  • Dieses Quiz wurde 44 mal gespielt
  • Das Durchschnittsergebnis liegt bei 3 aus 5
Antwortstatistiken
Jahr Novel % Korrekt
2004 Sakrileg
90%
2003 Illuminati
88%
2013 Inferno
73%
2017 Origin
55%
2009 Das verlorene Symbol
40%
Keine übereinstimmenden Quizze gefunden
Verteilung der Resultate
Anzahl Personen mit jedem Resultat
Perzentil nach korrekt beantworteten Fragen
Ihre Resultats-Entwicklung
Sie haben dieses Quiz noch nicht gespielt